000 01335nam a2200265 a 4500
001 000007580
005 20260202091015.0
008 090909s1989 dr 000 0 spa d
040 _aDO-SdBNP
082 _a658.3145
_bO96h, 1989
100 1 _aOvalle, Lucía,
_d1975-
_921033
245 1 0 _aHacia una comprensión de las relaciones humanas :
_bsu aplicación en el trabajo /
_cLucía Ovalle.
260 _aSanto Domingo :
_bTaller,
_c1989.
300 _a150 p. :
_bil. ;
_c20 cm.
504 _aBibliografía : p. 149-150
505 2 _aDedicatoria -- Reconocimientos -- Introducción -- Relaciones humanas -- La personalidad y el conocimiento del yo -- La motivación y la conducta -- La comunicación -- La retroalimentación -- Conflicto y frustración -- La autoridad -- Trabajo en equipo -- El cambio -- Principales problemas de las relaciones humanas -- Principios generales para lograr adecuadas relaciones -- Actitudes que favorecen las relaciones humanas .
590 _aInventariado, 2018/ YL
650 0 _aRelaciones humanas
_9606
650 4 _aComunicación interpersonal
_921034
650 4 _aConducta competitiva del personal
_921035
650 4 _aMotivación del empleado
_921036
650 4 _aTrabajo en equipo
_921037
650 4 _aConflictos interpersonales
_921038
910 _aValidado. Control de calidad MMOLINA
999 _c7360
_d7360